| 000 | 00949nam a22002537a 4500 | ||
|---|---|---|---|
| 003 | OSt | ||
| 005 | 20220207132118.0 | ||
| 008 | 121011t xxu||||| |||| 00| 0 eng d | ||
| 020 | _a9780697812506 | ||
| 020 | _a0697812502 | ||
| 040 | _cLC | ||
| 050 | _aHF5679.K23 | ||
| 245 | _aComputerized accounting. / | ||
| 246 | _aBOT 2413: Computerized Accounting | ||
| 250 | _a(Custom edition: NorthEast Mississippi CC) | ||
| 260 |
_aNew York: _bMcGraw-Hill, _c2012. |
||
| 300 |
_aiv, 375 p.: _bill.; _c25cm. |
||
| 500 | _aIncludes index. | ||
| 505 | _aContents: Exploring QuickBooks with rock castle construction: Quick tour of quick books 2011 -- Customizing QuickBooks and the chart of accounts -- Banking -- Customers and sales -- Vendors, purchases and inventory -- Employees and payroll -- Reports and graphs -- New company setup -- | ||
| 650 | _bAccounting | ||
| 700 | _qKay, Donna | ||
| 710 | _bNortheast Mississippi CC | ||
| 942 |
_2lcc _cBK |
||
| 999 |
_c8624 _d16124 |
||